| 000 | 00542aam a2200217 4500 | ||
|---|---|---|---|
| 005 | 20160928104859.0 | ||
| 008 | 150603b xxu||||| |||| 00| 0 spa d | ||
| 041 | _aEspaña | ||
| 082 | _a617.695 B949m | ||
| 100 |
_aBurdairon, Gerald _923208 |
||
| 245 | _aManual de biomateriales dentarios | ||
| 260 | _aEspaña | ||
| 260 | _bMasson | ||
| 260 | _c1991 | ||
| 300 | _a305 páginas | ||
| 650 |
_aMATERIALES DENTALES _93183 |
||
| 650 |
_aBIOMATERIALES DENTALES _918287 |
||
| 650 |
_aCERAS _918288 |
||
| 650 |
_aYESO _918289 |
||
| 942 | _cBK | ||
| 999 |
_c1167 _d1167 |
||